Irlanda : el govern local a la República d'Irlanda / Aodh Quinlivan ; [traducció: Jaume Bellmunt] el govern local a la República d'Irlanda / Aodh Quinlivan ; [traducció:
ISBN:
84-9803-168-0
Publicado:
Barcelona :
ICPS, Institut de Ciències Polítiques i Socials : Diputació de Barcelona. Xarxa de Municipis ,
2006
Descripción Física:
65 p. ; 24 cm
Colección:
Món local ; 20
Otros Autores:
Bellmunt, Jaume
Materias:
Administració local -- Irlanda
MARC
| LEADER | 00000nam a2200000Ia 4500 | ||
|---|---|---|---|
| 001 | 18574 | ||
| 008 | 160829s2006 xx 000 0 cat d | ||
| 020 | |a 84-9803-168-0 | ||
| 080 | |a M-5-357 | ||
| 100 | |a Quinlivan, Aodh |9 41499 | ||
| 245 | |a Irlanda : |b el govern local a la República d'Irlanda / Aodh Quinlivan ; [traducció: |b Jaume Bellmunt] | ||
| 260 | |a Barcelona : |b ICPS, Institut de Ciències Polítiques i Socials : |b Diputació de Barcelona. Xarxa de Municipis, |c 2006 | ||
| 300 | |a 65 p. ; |c 24 cm | ||
| 490 | |a Món local ; 20 | ||
| 590 | |a Bibliografia | ||
| 650 | |a Administració local |x Irlanda |9 41500 | ||
| 700 | 1 | |a Bellmunt, Jaume |9 41498 | |
| 710 | 1 | |a Barcelona (Catalunya : Província). |b Diputació |9 52408 | |
| 710 | 2 | |a Institut de Ciències Polítiques i Socials (Barcelona, Catalunya) |9 55871 | |
| 901 | |a Arxiu | ||
| 942 | |n 1 | ||
| 952 | |0 0 |1 0 |4 0 |6 M5357 |7 1 |9 50231 |a Arxiu |b Arxiu |d 2016-12-01 |l 0 |o M-5-357 |p 18574 |r 2016-12-01 00:00:00 |w 2016-12-01 |y ARXIU | ||
| 999 | |c 54073 |d 54073 | ||